000 00356nam a2200133Ia 4500
008 220216s9999 xx 000 0 und d
100 _aKrishnakumar B
245 0 _aCarbon black: Colourful outlook for industry
260 _bIndian Rubber and Plastics Age
_c1999
300 _a10-Jul
650 _aCarbon black
650 _aRubber industry
942 _cJS
999 _c55131
_d55131